000 00208 a2200097 4500
001 13034
100 _aHameed,A.
245 _aKisa Akhiry Darwesh Kaa
260 _a
_bSange meel publy
_c
090 _c10043
_d10043
942 _aNUST-CAE
_cM
_c52
999 _c248107
_d248107